Is it worth carrying out energy efficiency improvements to commercial real estate? (Record no. 114592)

MARC details
000 -LEADER
fixed length control field 01139cad a22002295a 4500
001 - CONTROL NUMBER
control field L157094
008 - FIXED-LENGTH DATA ELEMENTS--GENERAL INFORMATION
fixed length control field 120829s2010 xxk f 000 0 eng d
020 ## - INTERNATIONAL STANDARD BOOK NUMBER
International Standard Book Number 9781842196021
035 ## - SYSTEM CONTROL NUMBER
System control number (Sirsi) u157094
041 0# - LANGUAGE CODE
Language code of text/sound track or separate title eng
110 2# - MAIN ENTRY--CORPORATE NAME
Corporate name or jurisdiction name as entry element Royal Institution of Chartered Surveyors
9 (RLIN) 4900
245 00 - TITLE STATEMENT
Title Is it worth carrying out energy efficiency improvements to commercial real estate?
Medium [electronic resource]
260 ## - PUBLICATION, DISTRIBUTION, ETC.
Place of publication, distribution, etc. London
Name of publisher, distributor, etc. RICS
Date of publication, distribution, etc. 2010
490 #0 - SERIES STATEMENT
Series statement RICS Research
520 ## - SUMMARY, ETC.
Summary, etc. Looks at the economic gains associated with investment in energy efficiency improvements (EEI) for commercial real estate, through exploring of a number of case study buildings that have obtained the LEED for Existing Building certification. These suggest that economic gains can be significant for these improvements.
651 #4 - SUBJECT ADDED ENTRY--GEOGRAPHIC NAME
Geographic name United Kingdom
Chronological subdivision
690 ## - LOCAL SUBJECT ADDED ENTRY--TOPICAL TERM (OCLC, RLIN)
Topical term or geographic name as entry element Energy
9 (RLIN) 6237
700 1# - ADDED ENTRY--PERSONAL NAME
Personal name Ciochetti, Brian A.
700 1# - ADDED ENTRY--PERSONAL NAME
Personal name McGowan, Mark D.
856 40 - ELECTRONIC LOCATION AND ACCESS
Uniform Resource Identifier <a href="https://www.rics.org/Global/Downloads/Is_it_worth_carrying_out_energy_efficiency_improvements_to_commercial_real_estate.pdf">https://www.rics.org/Global/Downloads/Is_it_worth_carrying_out_energy_efficiency_improvements_to_commercial_real_estate.pdf</a>
Public note View the main report free of charge at www.rics.org
942 ## - ADDED ENTRY ELEMENTS (KOHA)
Suppress in OPAC 0
Holdings
Withdrawn status Lost status Source of classification or shelving scheme Damaged status Not for loan Home library Current library Shelving location Date acquired Total Checkouts Full call number Barcode Date last seen Copy number Price effective from Koha item type
    Dewey Decimal Classification     Virtual Virtual Online 29/08/2012   ONLINE PUBLICATION 157094-2001 06/08/2019 1 06/08/2019 Book